00585nam a2200169 a 450000100100000000500170001000800410002704000250006808200160009310000370010924500730014626000360021930000200025504900090027595201140028499900170039800003443820200930073711.0111004s1983 dr 000 0 spa d aDO-SdBNPbspacBNPHU axxxxbA162n1 aAbreu de Sturla, Argentina9139510aNotas sobre la historia de la música en la República Dominicana. aSanto Domingo :bTaller,c1983. a79 p. ;c17 cm. aBNPD 0010718PDaPDbPDcHDd2011-10-04iLF1l0oxxxx A162np34438-10r2020-06-25w2020-06-25yLFPDZNo se presta c33929d33929